[Event "7th EUR-ch (w)"]
[Site "Kusadasi TUR"]
[Date "2006.04.12"]
[Round "8"]
[White "Motoc, Alina"]
[Black "Makka, Ioulia"]
[Result "0-1"]
[WhiteElo "2342"]
[BlackElo "2198"]
[EventDate "2006.04.04"]
[PlyCount "104"]

1.d4 e6 2.Nf3 Nf6 3.Bg5 c5 4.e3 cxd4 5.exd4 Be7 6.Nbd2 O-O 7.Bd3 b6 8.Qe2 
Bb7 9.h4 Nd5 10.c4 Nb4 11.Bb1 f5 12.O-O N4a6 13.d5 Bxg5 14.Nxg5 exd5 15.
Re1 h6 16.Qh5 Qf6 17.Ngf3 Nc5 18.cxd5 Bxd5 19.g4 Bxf3 20.Nxf3 fxg4 21.Qd5+
Kh8 22.Qxa8 gxf3 23.Qd5 Qxh4 24.Qxf3 Qd8 25.Qg3 Qf6 26.Bc2 Nc6 27.Be4 Nd4 
28.Rad1 Nxe4 29.Rxe4 Nf3+ 30.Kg2 Qc6 31.Qg4 Ng5 32.Re1 Nxe4 33.Rxe4 Re8 
34.f3 Rxe4 35.fxe4 Qe6 36.Qf4 Qg6+ 37.Kh3 Qh5+ 38.Kg3 Qg5+ 39.Qxg5 hxg5 
40.Kg4 Kg8 41.Kxg5 Kf7 42.Kf5 Ke7 43.Ke5 d6+ 44.Kf5 Kf7 45.a4 a5 46.e5 
dxe5 47.Kxe5 Ke7 48.Kd5 Kd7 49.Kc4 g5 50.Kd3 g4 51.Ke4 Kc6 52.Kf4 Kc5 0-1

[Event "7th EUR-ch (w)"]
[Site "Kusadasi TUR"]
[Date "2006.04.12"]
[Round "8"]
[White "Isgandarova, Khayala"]
[Black "Petrenko, Svetlana"]
[Result "1-0"]
[WhiteElo "2104"]
[BlackElo "2334"]
[EventDate "2006.04.04"]
[PlyCount "97"]

1.e4 d6 2.d4 Nf6 3.Nc3 g6 4.f4 Bg7 5.Nf3 O-O 6.Bc4 c6 7.Bd3 b5 8.a3 a6 9.
O-O Bb7 10.e5 Ne8 11.Be3 Qc7 12.Ne4 c5 13.c3 c4 14.Bc2 e6 15.Qe1 f6 16.Qh4
Qe7 17.a4 Nc6 18.axb5 axb5 19.Rxa8 Bxa8 20.Ra1 Bb7 21.b3 fxe5 22.Qxe7 Nxe7
23.dxe5 Nf5 24.Bf2 cxb3 25.Bxb3 Bxe4 26.Bxe6+ Kh8 27.Ng5 Nc7 28.Nf7+ Rxf7 
29.Bxf7 dxe5 30.Rd1 Bf6 31.Rd7 Na8 32.g4 Nh4 33.g5 Nf3+ 34.Kf1 Nxh2+ 35.
Ke2 Bc6 36.Rd6 Bf3+ 37.Kd2 Kg7 38.Rd7 Bc6 39.gxf6+ Kxf6 40.Rd6+ Kxf7 41.
Rxc6 Ng4 42.Ba7 exf4 43.Rc8 Ne5 44.Rxa8 g5 45.Rb8 h5 46.Rxb5 Ke6 47.Bd4 
Nf7 48.Rb6+ Kd7 49.Rf6 1-0

[Event "7th EUR-ch (w)"]
[Site "Kusadasi TUR"]
[Date "2006.04.12"]
[Round "8"]
[White "Dragomirescu, Angela"]
[Black "Van Weersel, Arlette"]
[Result "1-0"]
[WhiteElo "2261"]
[BlackElo "2148"]
[EventDate "2006.04.04"]
[PlyCount "69"]

1.d4 Nf6 2.c4 g6 3.Nc3 d5 4.Bg5 Ne4 5.Bh4 Nxc3 6.bxc3 dxc4 7.e3 Be6 8.Qb1 
b6 9.Nh3 Bh6 10.Bg5 Bg7 11.Nf4 Bd5 12.Bh4 O-O 13.Bxe7 Qxe7 14.Nxd5 Qd6 15.
Bxc4 c5 16.O-O Nc6 17.a4 Rac8 18.Ba2 Kh8 19.Rd1 f5 20.Nf4 Nd8 21.Qb5 g5 
22.Nh5 Bh6 23.dxc5 Qg6 24.Qd7 Nc6 25.Ng3 Rcd8 26.Qe6 Qxe6 27.Bxe6 Bg7 28.
cxb6 f4 29.exf4 gxf4 30.Ne4 axb6 31.Rab1 Na5 32.Nd6 Rb8 33.Nf7+ Kg8 34.Rd7
Bxc3 35.Ng5+ 1-0

[Event "7th EUR-ch (w)"]
[Site "Kusadasi TUR"]
[Date "2006.04.12"]
[Round "8"]
[White "Baskite, Viktoria"]
[Black "Mira, Helene"]
[Result "1-0"]
[WhiteElo "2205"]
[BlackElo "2140"]
[EventDate "2006.04.04"]
[PlyCount "77"]

1.e4 c5 2.Nf3 Nc6 3.d4 cxd4 4.Nxd4 Nf6 5.Nc3 d6 6.Bc4 g6 7.Nxc6 bxc6 8.e5 
d5 9.exf6 dxc4 10.Qxd8+ Kxd8 11.Bg5 h6 12.O-O-O+ Ke8 13.Bf4 exf6 14.Rhe1+ 
Be6 15.Ne4 Be7 16.Be3 Kf8 17.Bd4 Kg7 18.f3 h5 19.Ng5 Rhd8 20.Nxe6+ fxe6 
21.Rxe6 Kf7 22.Rxc6 Rac8 23.Rxc8 Rxc8 24.Bxa7 Ra8 25.Rd7 Ke6 26.Rb7 Bd6 
27.g3 h4 28.f4 Kf5 29.Rd7 hxg3 30.hxg3 Bf8 31.Bd4 Rxa2 32.Rf7 Bb4 33.Rxf6+
Ke4 34.Kb1 Ra8 35.c3 Rg8 36.Re6+ Kd3 37.Re3+ Kd2 38.cxb4 Rd8 39.Bc5 1-0

[Event "7th EUR-ch (w)"]
[Site "Kusadasi TUR"]
[Date "2006.04.12"]
[Round "8"]
[White "Kubikova, Alena"]
[Black "Pavlovskaya, Evgenia"]
[Result "1-0"]
[WhiteElo "2098"]
[BlackElo "2182"]
[EventDate "2006.04.04"]
[PlyCount "73"]

1.d4 d5 2.Nf3 Nf6 3.Bf4 e6 4.e3 Bd6 5.Ne5 O-O 6.Bd3 b6 7.Nd2 c5 8.c3 Qc7 
9.Bg3 Nc6 10.f4 Nd7 11.Qh5 f5 12.Bh4 Nf6 13.Bxf6 gxf6 14.Nxc6 Qxc6 15.g4 
Qe8 16.Qxe8 Rxe8 17.gxf5 exf5 18.Kf2 Bd7 19.Nf3 Rac8 20.Rhg1+ Kh8 21.Nh4 
cxd4 22.cxd4 Bb4 23.Rg3 Rg8 24.Rxg8+ Kxg8 25.Nxf5 Bxf5 26.Bxf5 Re8 27.Rg1+
Kh8 28.Ke2 Re7 29.Kd3 Bd6 30.Rc1 Kg7 31.Rc6 Bc7 32.Be6 Kg6 33.Bxd5 Kg7 34.
Be6 Bb8 35.d5 Kh6 36.Ke4 Kg7 37.Kf5 1-0

[Event "7th EUR-ch (w)"]
[Site "Kusadasi TUR"]
[Date "2006.04.12"]
[Round "8"]
[White "Lematschko, Tatjana"]
[Black "Norinkeviciute, Rasa"]
[Result "1-0"]
[WhiteElo "2180"]
[BlackElo "2106"]
[EventDate "2006.04.04"]
[PlyCount "127"]

1.d4 Nf6 2.Nf3 e6 3.g3 b6 4.Bg2 Bb7 5.O-O Be7 6.c4 O-O 7.Nc3 d5 8.Ne5 Qc8 
9.cxd5 exd5 10.Bg5 Qe6 11.f4 Ne4 12.f5 Qd6 13.Bxe7 Qxe7 14.Nxe4 dxe4 15.f6
gxf6 16.Ng4 Nd7 17.e3 f5 18.Nh6+ Kh8 19.Nxf5 Qe6 20.Qg4 Rg8 21.Qf4 Rac8 
22.Nh6 Rgf8 23.Nxf7+ Kg7 24.Ng5 Qe7 25.Qg4 Kh8 26.Bh3 Nf6 27.Qe6 Rce8 28.
Qxe7 Rxe7 29.Ne6 Rff7 30.Nd8 Bd5 31.Nxf7+ Rxf7 32.b3 Kg7 33.Rf4 a5 34.Bf1 
Re7 35.Be2 Ne8 36.Rg4+ Kf7 37.Rf1+ Ke6 38.Rh4 Kd7 39.Bg4+ Kc6 40.Bf5 Nd6 
41.Bxh7 a4 42.Rc1+ Kb5 43.Rh5 c6 44.Bf5 axb3 45.axb3 Kb4 46.Bg4 Kxb3 47.
Rb1+ Kc2 48.Rxb6 Kd3 49.Rxd5 Nc4 50.Rxc6 Nxe3 51.Rd7 Re8 52.Bh3 Ra8 53.Rc1
Ra2 54.Rb1 Nc2 55.Rdb7 Nxd4 56.Rd7 Ke3 57.Rxd4 Kxd4 58.Re1 e3 59.Bg4 Rf2 
60.h4 Ke4 61.h5 Rf6 62.Kg2 Ra6 63.Bf3+ Kd4 64.g4 1-0

[Event "7th EUR-ch (w)"]
[Site "Kusadasi TUR"]
[Date "2006.04.12"]
[Round "8"]
[White "Khudaverdieva, Afag"]
[Black "Wilson, Alexandra"]
[Result "0-1"]
[WhiteElo "2156"]
[BlackElo "2099"]
[EventDate "2006.04.04"]
[PlyCount "98"]

1.d4 e6 2.c4 b6 3.Nc3 Bb7 4.e4 Bb4 5.Bd3 f5 6.Qc2 Qh4 7.g3 Bxc3+ 8.bxc3 
Qh5 9.f3 Nf6 10.Ba3 fxe4 11.fxe4 c5 12.Ne2 Na6 13.O-O O-O 14.Nf4 Qh6 15.e5
Nh5 16.Ng2 g6 17.Rad1 Bf3 18.Rde1 Rac8 19.Be4 Bxe4 20.Qxe4 Qd2 21.Qb7 Nb8 
22.dxc5 Qxc3 23.Bc1 bxc5 24.Bh6 Ng7 25.Bxg7 Kxg7 26.Nf4 Kg8 27.Qxa7 Qxc4 
28.Rd1 Qe4 29.Rfe1 Qf5 30.Rc1 c4 31.Qd4 Nc6 32.Qe3 Ne7 33.Qd4 g5 34.Nh5 
Nd5 35.Rf1 Qd3 36.Qxd3 cxd3 37.Rxf8+ Rxf8 38.Nf6+ Nxf6 39.exf6 Rxf6 40.Rd1
Kf7 41.Rxd3 Ke7 42.a4 Rf5 43.Kg2 Rc5 44.Kf3 h5 45.h3 e5 46.Ra3 Ra5 47.Re3 
Ke6 48.Re4 Rc5 49.Re3 d5 0-1

[Event "7th EUR-ch (w)"]
[Site "Kusadasi TUR"]
[Date "2006.04.12"]
[Round "8"]
[White "Maksimovic, Suzana"]
[Black "Bensdorp, Laura"]
[Result "1-0"]
[WhiteElo "2295"]
[BlackElo "2098"]
[EventDate "2006.04.04"]
[PlyCount "73"]

1.d4 d5 2.c4 e6 3.e3 Nf6 4.Nf3 Be7 5.Bd3 O-O 6.O-O b6 7.b3 Bb7 8.Bb2 c5 9.
Nc3 cxd4 10.exd4 Nbd7 11.Qe2 Re8 12.Ne5 Bf8 13.Rfd1 Rc8 14.Rac1 g6 15.Rc2 
dxc4 16.Bxc4 Qc7 17.Bb5 Red8 18.Rdc1 Qb8 19.Re1 Qa8 20.Bxd7 Nxd7 21.Nxf7 
Re8 22.Ng5 Bg7 23.Nce4 Rxc2 24.Qxc2 Bd5 25.Qc7 Rd8 26.Qf4 Rf8 27.Qg4 Nf6 
28.Nxf6+ Rxf6 29.Ba3 Qb8 30.g3 h5 31.Qe2 Qa8 32.Bb2 Rf8 33.Ne4 Rc8 34.Qd3 
Rd8 35.Ng5 Bh1 36.f3 Qd5 37.Qxg6 1-0

[Event "7th EUR-ch (w)"]
[Site "Kusadasi TUR"]
[Date "2006.04.12"]
[Round "8"]
[White "Coimbra, Margarida"]
[Black "Makka, Evanthia"]
[Result "1-0"]
[WhiteElo "2070"]
[BlackElo "2046"]
[EventDate "2006.04.04"]
[PlyCount "65"]

1.e4 c6 2.d4 d5 3.Nd2 dxe4 4.Nxe4 Nd7 5.Nf3 Ngf6 6.Ng3 e6 7.Bd3 b6 8.O-O 
Bb7 9.b3 Be7 10.Bb2 O-O 11.c4 c5 12.Qe2 cxd4 13.Bxd4 Qc7 14.Rfd1 Bc5 15.
Ne4 Bxd4 16.Nxd4 Qf4 17.g3 Qe5 18.Nxf6+ Qxf6 19.Be4 Bxe4 20.Qxe4 Nc5 21.
Qf3 Qe7 22.Rd2 e5 23.Nc6 Qc7 24.Nb4 f5 25.Qd5+ Kh8 26.Qd6 Qxd6 27.Rxd6 f4 
28.Re1 e4 29.Nd5 fxg3 30.hxg3 Nd3 31.Re2 h6 32.Nc3 e3 33.Rxd3 1-0

[Event "7th EUR-ch (w)"]
[Site "Kusadasi TUR"]
[Date "2006.04.13"]
[Round "9"]
[White "Atalik, Ekaterina"]
[Black "Bosboom-Lanchava, Tea"]
[Result "1/2-1/2"]
[WhiteElo "2393"]
[BlackElo "2380"]
[EventDate "2006.04.04"]
[PlyCount "59"]

1.d4 f5 2.Nc3 d5 3.Bf4 a6 4.e3 Nf6 5.Nf3 e6 6.Be2 c5 7.dxc5 Bxc5 8.O-O O-O
9.Na4 Be7 10.c4 dxc4 11.Qxd8 Bxd8 12.Nc3 Nc6 13.a4 Re8 14.Bxc4 Kf8 15.Rfd1
h6 16.h3 g5 17.Bh2 b6 18.h4 g4 19.Ne5 Nxe5 20.Bxe5 Kf7 21.e4 Nxe4 22.Nxe4 
fxe4 23.h5 Bf6 24.Bxf6 Kxf6 25.Rd6 Rb8 26.Rad1 Ke5 27.Be2 Kf5 28.Rd8 Bb7 
29.Rxb8 Rxb8 30.Rd6 1/2-1/2

[Event "7th EUR-ch (w)"]
[Site "Kusadasi TUR"]
[Date "2006.04.13"]
[Round "9"]
[White "Dembo, Yelena"]
[Black "Zawadzka, Jolanta"]
[Result "1/2-1/2"]
[WhiteElo "2464"]
[BlackElo "2389"]
[EventDate "2006.04.04"]
[PlyCount "77"]

1.e4 c5 2.Nf3 d6 3.d4 cxd4 4.Nxd4 Nf6 5.Nc3 Nc6 6.Bg5 e6 7.Qd2 Be7 8.O-O-O
O-O 9.Nb3 a6 10.Bxf6 gxf6 11.Bd3 b5 12.h4 Kh8 13.g4 Rg8 14.g5 b4 15.Ne2 a5
16.f4 a4 17.Nbd4 Nxd4 18.Nxd4 Qb6 19.Nf3 Bb7 20.Qe2 b3 21.a3 bxc2 22.Bxc2 
Rab8 23.Rd2 Rgc8 24.Qd3 f5 25.exf5 Bxf3 26.Qxf3 Qxb2+ 27.Kd1 d5 28.fxe6 
fxe6 29.Bd3 Rc1+ 30.Ke2 Rxh1 31.Qxh1 Qxa3 32.Qf3 Rb2 33.Qh5 Rxd2+ 34.Kxd2 
Qb2+ 35.Kd1 Qg7 36.Qe8+ Bf8 37.Qxa4 Qc3 38.Ke2 Qb2+ 39.Kd1 1/2-1/2

[Event "7th EUR-ch (w)"]
[Site "Kusadasi TUR"]
[Date "2006.04.13"]
[Round "9"]
[White "Celuskina, Irina"]
[Black "Pahtz, Elisabeth"]
[Result "1-0"]
[WhiteElo "2320"]
[BlackElo "2438"]
[EventDate "2006.04.04"]
[PlyCount "85"]

1.g3 Nf6 2.Bg2 d5 3.Nf3 g6 4.O-O Bg7 5.d4 O-O 6.c3 c6 7.a4 Bf5 8.Nbd2 Qc8 
9.Re1 c5 10.dxc5 Qxc5 11.Nb3 Qc8 12.Bg5 Rd8 13.Qc1 Nc6 14.Nbd4 Be4 15.Nxc6
bxc6 16.a5 Re8 17.Bf1 Bf5 18.Bh6 Bh8 19.Bf4 Nd7 20.Nh4 Be6 21.Be3 f6 22.f4
Bf7 23.f5 e6 24.fxg6 hxg6 25.Bf2 f5 26.Nf3 Bg7 27.Ng5 e5 28.e4 fxe4 29.Bh3
Qd8 30.Be3 Nf6 31.Rf1 Qd6 32.b4 a6 33.Ra2 Be6 34.Nxe6 Rxe6 35.Bc5 Qd7 36.
Raf2 Qf7 37.Qg5 Rae8 38.Qh4 Bh8 39.Bxe6 Rxe6 40.g4 Qh7 41.Qg3 Bg7 42.g5 
Nd7 43.Qg4 1-0

[Event "7th EUR-ch (w)"]
[Site "Kusadasi TUR"]
[Date "2006.04.13"]
[Round "9"]
[White "Khurtsidze, Nino"]
[Black "Peptan, Corina-Isabela"]
[Result "1/2-1/2"]
[WhiteElo "2426"]
[BlackElo "2408"]
[EventDate "2006.04.04"]
[PlyCount "129"]

1.d4 Nf6 2.c4 e6 3.Nf3 b6 4.Bf4 Bb7 5.e3 Be7 6.h3 c5 7.dxc5 bxc5 8.Nc3 O-O
9.Be2 Nc6 10.O-O d5 11.cxd5 exd5 12.Qb3 Qb6 13.Rfd1 Nb4 14.Na4 Qe6 15.Rdc1
Ne4 16.a3 c4 17.Qd1 Nc6 18.b3 Rfd8 19.bxc4 dxc4 20.Qc2 Ba6 21.Qa2 Na5 22.
Bc7 Nb3 23.Bxd8 Rxd8 24.Nd4 Qf6 25.Bf3 Nxc1 26.Rxc1 Qg6 27.Qc2 Nc5 28.Nc6 
Qxc2 29.Nxe7+ Kf8 30.Rxc2 Nxa4 31.Nc6 Rd6 32.Ne5 Nb6 33.Nc6 Bb5 34.Nd4 a6 
35.Be2 Rd7 36.Kf1 Rc7 37.Ke1 Na4 38.Rc1 Rc5 39.Kd2 Ke7 40.Rb1 g6 41.Kc2 
Kd6 42.Bf3 Re5 43.Ne2 Bd7 44.Rb4 Kc5 45.Nc3 Bf5+ 46.Kd2 Nb6 47.Na4+ Nxa4 
48.Rxa4 Re6 49.Kc3 Bd3 50.Ra5+ Kb6 51.Rd5 Kc7 52.Rc5+ Kb6 53.Rc8 Rd6 54.
Kb4 a5+ 55.Kc3 Bf1 56.Rb8+ Kc5 57.Rc8+ Kb5 58.Rb8+ Kc5 59.Rb1 Bd3 60.Rb7 
Bf5 61.Be2 Bd3 62.Bf3 Bf5 63.Be2 Bd3 64.Bf3 Bf5 65.Be2 1/2-1/2

[Event "7th EUR-ch (w)"]
[Site "Kusadasi TUR"]
[Date "2006.04.13"]
[Round "9"]
[White "Zhukova, Natalia"]
[Black "Muzychuk, Maria"]
[Result "1/2-1/2"]
[WhiteElo "2425"]
[BlackElo "2172"]
[EventDate "2006.04.04"]
[PlyCount "72"]

1.d4 f5 2.g3 Nf6 3.Bg2 g6 4.c3 Bg7 5.Qb3 Nc6 6.Nh3 e5 7.Bxc6 bxc6 8.dxe5 
Ne4 9.f3 Nc5 10.Qa3 Ne6 11.f4 d6 12.exd6 cxd6 13.Nd2 O-O 14.O-O Re8 15.Nc4
d5 16.Ne5 Qb6+ 17.Nf2 Ba6 18.Re1 c5 19.Qb3 Qd6 20.Rd1 Rad8 21.e4 c4 22.Qc2
fxe4 23.Be3 Qc7 24.Qa4 Bb7 25.Bd4 Nxd4 26.cxd4 Bxe5 27.fxe5 Bc8 28.Qa3 Rf8
29.Qe3 Qe7 30.Qh6 Rf3 31.Nh3 Bxh3 32.Qxh3 Rdf8 33.Rf1 Qf7 34.Qg2 Qf5 35.
Rxf3 exf3 36.Qf2 Kf7 1/2-1/2

[Event "7th EUR-ch (w)"]
[Site "Kusadasi TUR"]
[Date "2006.04.13"]
[Round "9"]
[White "Mkrtchian, Lilit"]
[Black "Shadrina, Tatiana"]
[Result "1-0"]
[WhiteElo "2453"]
[BlackElo "2371"]
[EventDate "2006.04.04"]
[PlyCount "105"]

1.c4 e6 2.Nc3 d5 3.d4 Nf6 4.cxd5 exd5 5.Bg5 Be7 6.e3 c6 7.Bd3 O-O 8.Qc2 
Nbd7 9.Nf3 Re8 10.O-O Nf8 11.h3 g6 12.Bh6 Bd6 13.Rab1 Bd7 14.b4 Rc8 15.Bg5
a6 16.e4 Be7 17.e5 Nh5 18.Bxe7 Qxe7 19.Qd2 Ng7 20.g4 f5 21.Qf4 Nfe6 22.Qe3
fxg4 23.hxg4 Rf8 24.Ne2 Qf7 25.Nh4 Nf4 26.f3 Nge6 27.Ng2 Nxe2+ 28.Bxe2 Nf4
29.Nxf4 Qxf4 30.Qxf4 Rxf4 31.Rbd1 Ra8 32.Kf2 a5 33.Ke3 g5 34.a3 axb4 35.
axb4 Ra4 36.Rb1 Kg7 37.Rb3 Be8 38.Rc1 Bd7 39.Rc5 b5 40.Rc1 Rf8 41.Bd3 Rfa8
42.f4 gxf4+ 43.Kxf4 Ra1 44.Rxa1 Rxa1 45.Bf5 Be8 46.e6 Re1 47.Ra3 h6 48.Re3
Rd1 49.Ke5 h5 50.gxh5 Bxh5 51.Rg3+ Kh6 52.Kf6 Rxd4 53.Rg8 1-0

[Event "7th EUR-ch (w)"]
[Site "Kusadasi TUR"]
[Date "2006.04.13"]
[Round "9"]
[White "Gvetadze, Sopio"]
[Black "Danielian, Elina"]
[Result "1-0"]
[WhiteElo "2361"]
[BlackElo "2422"]
[EventDate "2006.04.04"]
[PlyCount "135"]

1.e4 c6 2.d4 d5 3.exd5 cxd5 4.c4 Nf6 5.Nc3 e6 6.Nf3 Bb4 7.cxd5 Nxd5 8.Bd2 
Nc6 9.Bd3 O-O 10.O-O Nf6 11.Bg5 Be7 12.Re1 b6 13.Ne5 Bb7 14.Ba6 Qc8 15.Qf3
Na5 16.Bxb7 Qxb7 17.Qxb7 Nxb7 18.Nc6 Bd6 19.Nb5 a6 20.Nxd6 Nxd6 21.d5 Rae8
22.Bf4 Nc4 23.dxe6 fxe6 24.b3 Nd5 25.Bg3 Na5 26.Nxa5 bxa5 27.f3 Kf7 28.Re4
Rc8 29.Ra4 Rc2 30.Rxa5 Rd8 31.Rxa6 Ne3 32.Rd6 Rdc8 33.Rd7+ Kf6 34.Re1 R8c3
35.Bf2 Rc1 36.Rd2 Nd5 37.Bd4+ Kf7 38.Rxc1 Rxc1+ 39.Kf2 Nb4 40.Kg3 Rb1 41.
Be5 Nd5 42.Bb2 g5 43.Kf2 Nb4 44.Bd4 h5 45.a3 Nc6 46.Rb2 Rc1 47.Be3 Ra1 48.
a4 Kg6 49.Ke2 Kf5 50.Kd3 Ne5+ 51.Kc3 g4 52.f4 Ng6 53.Re2 h4 54.Kc4 e5 55.
fxe5 Nxe5+ 56.Kb5 Rb1 57.b4 h3 58.gxh3 gxh3 59.a5 Nd3 60.Bc5 Nf4 61.Rf2 
Ke4 62.a6 Nd5 63.a7 Ra1 64.Rf8 Ke5 65.Re8+ Kf5 66.Rf8+ Ke6 67.Bb6 Nc3+ 68.
Kc6 1-0

[Event "7th EUR-ch (w)"]
[Site "Kusadasi TUR"]
[Date "2006.04.13"]
[Round "9"]
[White "Javakhishvili, Lela"]
[Black "Kadimova, Ilaha"]
[Result "0-1"]
[WhiteElo "2410"]
[BlackElo "2310"]
[EventDate "2006.04.04"]
[PlyCount "74"]

1.d4 d5 2.c4 c6 3.Nf3 Nf6 4.e3 Bf5 5.Nc3 e6 6.Nh4 Bg6 7.Nxg6 hxg6 8.g3 
Nbd7 9.Bg2 dxc4 10.Qe2 Nb6 11.O-O Qc7 12.e4 e5 13.Be3 Nfd7 14.Rad1 Be7 15.
f4 exd4 16.Bxd4 Bc5 17.e5 Bxd4+ 18.Rxd4 Nc5 19.Rd6 Qe7 20.Qe3 Nbd7 21.Qd4 
g5 22.Qxc4 gxf4 23.gxf4 Ne6 24.Qd3 g5 25.f5 Nxe5 26.Qd1 Nc4 27.Rxe6 fxe6 
28.Qd4 Rh4 29.Ne4 Qc7 30.Qxc4 Qxh2+ 31.Kf2 O-O-O 32.Qxe6+ Kb8 33.Qe7 Kc8 
34.Qe6+ Kc7 35.Qe7+ Rd7 36.Qxg5 Rxe4 37.Qg3+ Rf4+ 0-1

[Event "7th EUR-ch (w)"]
[Site "Kusadasi TUR"]
[Date "2006.04.13"]
[Round "9"]
[White "Ushenina, Anna"]
[Black "Burtasova, Anna"]
[Result "1-0"]
[WhiteElo "2397"]
[BlackElo "2293"]
[EventDate "2006.04.04"]
[PlyCount "67"]

1.d4 Nf6 2.c4 c5 3.d5 e5 4.Nc3 d6 5.e4 Be7 6.h3 h5 7.Be3 Na6 8.a3 g6 9.Bd3
Kf8 10.Qd2 Kg7 11.f4 exf4 12.Bxf4 Nc7 13.Nf3 a6 14.O-O h4 15.e5 dxe5 16.
Bxe5 Ne8 17.Qf4 Bd6 18.Ne4 Bxe5 19.Nxe5 Rh5 20.Ng4 Bf5 21.Nexf6 Nxf6 22.
Bxf5 gxf5 23.Ne3 Nh7 24.Nxf5+ Kh8 25.Nd6 Ng5 26.Rae1 Qg8 27.Nxf7+ Nxf7 28.
Qxf7 Rg5 29.Kh1 b5 30.Qf4 Qg7 31.Qxh4+ Kg8 32.b3 bxc4 33.bxc4 Rb8 34.Rf2 
1-0

[Event "7th EUR-ch (w)"]
[Site "Kusadasi TUR"]
[Date "2006.04.13"]
[Round "9"]
[White "Djingarova, Emilia"]
[Black "Peng Zhaoqin"]
[Result "1/2-1/2"]
[WhiteElo "2319"]
[BlackElo "2395"]
[EventDate "2006.04.04"]
[PlyCount "116"]

1.e4 e6 2.d4 d5 3.Nc3 Nf6 4.e5 Nfd7 5.f4 c5 6.Nf3 Qb6 7.Be3 a6 8.a3 Nc6 9.
dxc5 Bxc5 10.Na4 Qa5+ 11.b4 Qxa4 12.bxc5 Qa5+ 13.Qd2 Qxd2+ 14.Kxd2 f6 15.
exf6 Nxf6 16.Bd3 Bd7 17.Rab1 O-O-O 18.Rb6 d4 19.Nxd4 Nd5 20.Nxc6 Bxc6 21.
Rb2 g6 22.Rhb1 Rhe8 23.g3 e5 24.fxe5 Nxe3 25.Kxe3 Rxe5+ 26.Kd2 Rxc5 27.Rf1
Kc7 28.Rb3 Rd7 29.Rc3 Rh5 30.h4 Ra5 31.Kc1 Re5 32.Kb2 Re3 33.Bc4 Re4 34.
Rf6 Rd6 35.Rf7+ Rd7 36.Rf6 Kb6 37.Bf1 Rde7 38.Bg2 R4e6 39.Rxe6 Rxe6 40.
Bxc6 bxc6 41.Rf3 Re4 42.Kb3 Rg4 43.Rc3 h5 44.Kb2 Kb5 45.Kc1 Rd4 46.Kb2 a5 
47.Kc1 c5 48.Kb2 Kc6 49.Re3 Kd5 50.Kc3 Rc4+ 51.Kd3 Ra4 52.Kd2 Re4 53.Rf3 
Kd4 54.Rf6 Rg4 55.Rf3 c4 56.Re3 Re4 57.Rf3 a4 58.c3+ Ke5 1/2-1/2

[Event "7th EUR-ch (w)"]
[Site "Kusadasi TUR"]
[Date "2006.04.13"]
[Round "9"]
[White "Houska, Jovanka"]
[Black "Khotenashvili, Bela"]
[Result "0-1"]
[WhiteElo "2378"]
[BlackElo "2291"]
[EventDate "2006.04.04"]
[PlyCount "242"]

1.e4 c6 2.d4 d5 3.Nc3 g6 4.h3 Bg7 5.Nf3 Nh6 6.Bd3 O-O 7.Qe2 dxe4 8.Nxe4 
Nf5 9.c3 Nd7 10.Bf4 Re8 11.O-O Nd6 12.Rfe1 Nxe4 13.Bxe4 Nf6 14.Bc2 Nd5 15.
Bg3 a5 16.a4 Qb6 17.Bd3 Nf6 18.Rad1 Be6 19.Ng5 Bb3 20.Ra1 Rad8 21.Be5 Rf8 
22.c4 Qb4 23.Ra3 e6 24.Nf3 Nh5 25.Bxg7 Nxg7 26.Qd2 Bxc4 27.Bxc4 Qxc4 28.
Qxa5 Nf5 29.Rc3 Qd5 30.Rc5 Qb3 31.Qc3 Qxc3 32.bxc3 Ra8 33.Rb1 Nd6 34.a5 
Ra7 35.Nd2 f6 36.f3 Nb5 37.Ne4 Kg7 38.Kh2 Rfa8 39.c4 Nxd4 40.Nd6 Rb8 41.f4
Kf8 42.g4 Ke7 43.Ne4 Rd8 44.Kg2 h6 45.h4 f5 46.Nf2 Rd7 47.g5 h5 48.Re5 Rd6
49.Rb2 Rd7 50.Nd3 Nf3 51.Kxf3 Rxd3+ 52.Kg2 Rd4 53.Rbe2 Rxc4 54.Rxe6+ Kd7 
55.Re7+ Kd6 56.R2e5 Rxf4 57.R7e6+ Kd7 58.Rxg6 Rxh4 59.Rxf5 Rg4+ 60.Kf3 Ke7
61.Rh6 Ra4 62.Re5+ Kf7 63.Rf6+ Kg7 64.Re7+ Kg8 65.Re8+ Kg7 66.Re7+ Kg8 67.
Rd6 Ra8 68.Rxb7 R4xa5 69.Rg6+ Kf8 70.Rf6+ Kg8 71.Kg3 Rxg5+ 72.Kh4 Rc5 73.
Rg6+ Kf8 74.Rb4 Ra1 75.Rf6+ Ke7 76.Rh6 Rb5 77.Re4+ Kd7 78.Rh7+ Kd6 79.Rc4 
Kd5 80.Rf4 Rh1+ 81.Kg3 Rg1+ 82.Kf2 Rg5 83.Rh4 Rf5+ 84.Ke2 Kd6 85.Rc4 Rbe5+
86.Kd2 Kd5 87.Ra4 c5 88.Rd7+ Kc6 89.Rda7 Rf2+ 90.Kd3 Rf3+ 91.Kd2 Rb3 92.
Rh4 Rb4 93.Rh3 h4 94.Rf3 Rg4 95.Rh7 Ree4 96.Rh6+ Kb5 97.Rb3+ Rb4 98.Rh3 
Rbd4+ 99.Kc2 Rg2+ 100.Kc1 Rf4 101.Rh1 Rgg4 102.Kb2 c4 103.Rh3 Kc5 104.Kc3 
Kd5 105.Re3 Rf5 106.Ra6 Rf1 107.Ra5+ Kc6 108.Re6+ Kd7 109.Rh6 Rf3+ 110.Kd2
Rd3+ 111.Kc2 Kc7 112.Ra7+ Kb8 113.Rf7 Kc8 114.Ra6 Rg2+ 115.Kc1 Rc3+ 116.
Kd1 Rd3+ 117.Kc1 Rd7 118.Rf4 h3 119.Rh6 h2 120.Rfh4 Rf7 121.Rh8+ Kb7 0-1

[Event "7th EUR-ch (w)"]
[Site "Kusadasi TUR"]
[Date "2006.04.13"]
[Round "9"]
[White "Nill, Jessica"]
[Black "Dzagnidze, Nana"]
[Result "1-0"]
[WhiteElo "2339"]
[BlackElo "2454"]
[EventDate "2006.04.04"]
[PlyCount "81"]

1.d4 Nf6 2.c4 c5 3.d5 e6 4.Nc3 exd5 5.cxd5 d6 6.e4 g6 7.Nf3 Bg7 8.Bd3 O-O 
9.h3 b5 10.O-O b4 11.Ne2 Re8 12.Ng3 Ba6 13.Bxa6 Nxa6 14.Qc2 Rc8 15.Qc4 Nb8
16.Bf4 Nfd7 17.Qc1 Nb6 18.Bg5 Qc7 19.Bh6 Bh8 20.Qf4 N8d7 21.Ng5 Nf6 22.b3 
c4 23.bxc4 Nxc4 24.Rac1 Qd7 25.Qh4 a5 26.Kh1 Qa4 27.e5 Nxe5 28.N5e4 Nfd7 
29.Nxd6 Bf6 30.Nxe8 Rxe8 31.Qe4 Nb6 32.Rfe1 Rd8 33.f4 Ned7 34.Rc6 Qb5 35.
Rd1 Bc3 36.Qe7 Rb8 37.Ne4 Qa4 38.Rg1 Bg7 39.Bxg7 Kxg7 40.Ng5 Rf8 41.Ne6+ 
1-0

[Event "7th EUR-ch (w)"]
[Site "Kusadasi TUR"]
[Date "2006.04.13"]
[Round "9"]
[White "Lomineishvili, Maia"]
[Black "Majdan, Joanna"]
[Result "1/2-1/2"]
[WhiteElo "2395"]
[BlackElo "2297"]
[EventDate "2006.04.04"]
[PlyCount "126"]

1.d4 c5 2.d5 g6 3.e4 d6 4.Nf3 Bg7 5.c4 Nf6 6.Nc3 O-O 7.h3 e6 8.Bd3 exd5 9.
exd5 Re8+ 10.Be3 Bh6 11.O-O Bxe3 12.fxe3 Qe7 13.e4 Nbd7 14.Qd2 Rf8 15.Rf2 
Ne8 16.Qf4 Ne5 17.Nxe5 dxe5 18.Qe3 Bd7 19.Raf1 Kg7 20.Bc2 Rc8 21.Ba4 Bxa4 
22.Nxa4 h6 23.Nc3 Nd6 24.b3 a6 25.a4 f6 26.a5 Qc7 27.Ra2 f5 28.exf5 Nxf5 
29.Qd3 Nd4 30.Ne4 Rf5 31.g4 Rxf1+ 32.Qxf1 Rf8 33.Rf2 Rf4 34.Ng3 Nxb3 35.
Rxf4 exf4 36.Qb1 Nxa5 37.Qa1+ Kg8 38.Ne4 Nxc4 39.Qc3 b5 40.d6 Nxd6 41.Qe5 
Qg7 42.Qxd6 Qd4+ 43.Qxd4 cxd4 44.Kf2 Kf7 45.Ke2 Ke6 46.Kd3 Ke5 47.Nd2 f3 
48.Nxf3+ Kf4 49.Nxd4 Kg3 50.Ke4 Kxh3 51.Kf3 b4 52.Nb3 g5 53.Na5 Kh4 54.Nb3
h5 55.gxh5 g4+ 56.Kg2 Kxh5 57.Kg3 Kg5 58.Na5 Kf5 59.Nc6 Ke4 60.Nxb4 a5 61.
Nc6 a4 62.Kxg4 a3 63.Nb4 Kd4 1/2-1/2

[Event "7th EUR-ch (w)"]
[Site "Kusadasi TUR"]
[Date "2006.04.13"]
[Round "9"]
[White "Przezdziecka, Marta"]
[Black "Vasylevich, Tatiana"]
[Result "1-0"]
[WhiteElo "2265"]
[BlackElo "2395"]
[EventDate "2006.04.04"]
[PlyCount "82"]

1.d4 Nf6 2.Nf3 e6 3.Bg5 d5 4.e3 Nbd7 5.Bd3 c5 6.c3 Be7 7.Nbd2 b6 8.O-O Bb7
9.Ne5 Nxe5 10.dxe5 Nd7 11.Bxe7 Qxe7 12.f4 O-O-O 13.Qe2 f6 14.exf6 gxf6 15.
e4 Rhg8 16.Ba6 Qd6 17.a4 Rg7 18.a5 Rdg8 19.Rf2 c4 20.Bxb7+ Kxb7 21.b4 cxb3
22.Nxb3 Nc5 23.axb6 Qxb6 24.Nxc5+ Qxc5 25.Kh1 Qxc3 26.Qa2 Ka8 27.exd5 e5 
28.Rc2 Qd3 29.Rd2 Qe4 30.d6 Rd8 31.fxe5 fxe5 32.h3 Rgd7 33.Rd5 Rc8 34.Ra5 
Qd4 35.Ra4 Qc5 36.Ra6 Rcd8 37.Qa4 Rb7 38.Ra5 Qb6 39.Ra6 Qc5 40.Ra5 Qb6 41.
Rxe5 Qxd6 1-0

[Event "7th EUR-ch (w)"]
[Site "Kusadasi TUR"]
[Date "2006.04.13"]
[Round "9"]
[White "Turova, Irina"]
[Black "Muhren, Bianca"]
[Result "1-0"]
[WhiteElo "2362"]
[BlackElo "2253"]
[EventDate "2006.04.04"]
[PlyCount "97"]

1.d4 d5 2.c4 dxc4 3.Nf3 Nf6 4.e3 e6 5.Bxc4 c5 6.O-O a6 7.Bd3 Nbd7 8.Re1 b5
9.a4 bxa4 10.e4 cxd4 11.e5 Nd5 12.Rxa4 Bb4 13.Bd2 Bxd2 14.Nbxd2 Nc5 15.
Rxd4 Nxd3 16.Rxd3 O-O 17.Nc4 a5 18.Nd6 Ba6 19.Rd4 Rb8 20.Qd2 Rb4 21.Rxb4 
Nxb4 22.Re3 h6 23.Ra3 Qb6 24.Qd4 Rb8 25.h3 Nd3 26.b3 Qc7 27.Kh2 Rb4 28.Qa1
Nc5 29.Qc3 Qb6 30.Nd2 Nd3 31.N2c4 Bxc4 32.Nxc4 Qd8 33.Rxa5 Rb8 34.Ra2 Nf4 
35.Qf3 Nd5 36.Ra7 Ne7 37.Nd6 f6 38.Qg4 f5 39.Qg3 Qf8 40.Qc3 Nd5 41.Qg3 Ne7
42.Rd7 Rb4 43.Qe3 Nd5 44.Qa7 Kh7 45.Rf7 Qh8 46.Ne8 h5 47.Rxg7+ Kh6 48.Qf7 
Qxe8 49.Rg6# 1-0

[Event "7th EUR-ch (w)"]
[Site "Kusadasi TUR"]
[Date "2006.04.13"]
[Round "9"]
[White "Kachiani-Gersinska, Ketino"]
[Black "Velcheva, Maria"]
[Result "0-1"]
[WhiteElo "2421"]
[BlackElo "2279"]
[EventDate "2006.04.04"]
[PlyCount "78"]

1.d4 d5 2.c4 c6 3.Nf3 Nf6 4.e3 Bf5 5.Nc3 e6 6.Nh4 Be4 7.f3 Bg6 8.Qb3 Qc7 
9.Bd2 Be7 10.Nxg6 hxg6 11.O-O-O Nbd7 12.cxd5 exd5 13.e4 dxe4 14.fxe4 b5 
15.e5 Ng4 16.Be2 Nh6 17.g4 Nb6 18.Rhf1 O-O-O 19.Bxh6 Rxh6 20.Rxf7 Kb8 21.
Kb1 Rxh2 22.Qe6 Rd7 23.Rc1 Bg5 24.Nxb5 Qd8 25.Rxd7 Qxd7 26.Qg8+ Nc8 27.e6 
Qe7 28.Nc3 Bxc1 29.Kxc1 Qg5+ 30.Kd1 Qe3 31.Qxg7 Qxe6 32.Qe5+ Qxe5 33.dxe5 
Kc7 34.Kd2 Nb6 35.Ke3 Kd7 36.Kf4 Nd5+ 37.Nxd5 Rxe2 38.Nf6+ Ke6 39.Kg5 Rxb2
0-1